[Event "103 ème open FIDE Club 608"]
[Site "Paris"]
[Date "2008.08.11"]
[Round "8.2"]
[White "Debray, Christopher"]
[Black "Goldsztejn, Gildas"]
[Result "0-1"]
[WhiteElo "2375"]
[BlackElo "2374"]
[PlyCount "96"]
[EventDate "2008.08.06"]
[EventRounds "9"]
[EventCountry "FRA"]
[SourceDate "2008.08.06"]

1. d4 Nf6 2. c4 c5 3. d5 e6 4. Nc3 exd5 5. cxd5 d6 6. e4 g6 7. Qa4+ Nbd7 8. Be2
a6 9. Nf3 Bg7 10. Bf4 O-O 11. O-O b5 12. Qc2 Qe7 13. Nd2 Ne5 14. h3 Nfd7 15.
Bg3 g5 16. a4 b4 17. Nd1 Ng6 18. Ne3 Nde5 19. a5 Nf4 20. Bxf4 gxf4 21. Nec4 Qg5
22. Kh2 Bd7 23. Nf3 Nxf3+ 24. Bxf3 Bb5 25. Nxd6 Bxf1 26. Rxf1 Be5 27. Nc4 Bd4
28. Re1 Rfe8 29. Nd6 b3 30. Qd2 Red8 31. Nf5 Qf6 32. Nxd4 Qxd4 33. Qxd4 cxd4
34. Rd1 Rac8 35. Rxd4 Rc2 36. Rb4 Rxb2 37. Bd1 Rxf2 38. Bxb3 Rd2 39. e5 f3 40.
Rg4+ Kf8 41. d6 Rxg2+ 42. Rxg2 fxg2 43. Bc4 f6 44. Bxa6 fxe5 45. Bb7 Rxd6 46.
a6 Rd1 47. Kxg2 Ra1 48. Kf3 Ra4 0-1

[Event "103 ème open FIDE Club 608"]
[Site "Paris"]
[Date "2008.08.11"]
[Round "8.3"]
[White "Robert, Guillaume"]
[Black "Guliyev, Namig"]
[Result "0-1"]
[WhiteElo "2109"]
[BlackElo "2510"]
[PlyCount "48"]
[EventDate "2008.08.06"]
[EventRounds "9"]
[EventCountry "FRA"]
[SourceDate "2008.08.06"]

1. e4 c5 2. b3 d6 3. Bb2 Nf6 4. Bb5+ Nbd7 5. d3 e6 6. Nd2 Be7 7. Ne2 O-O 8.
Bxd7 Bxd7 9. O-O Bc6 10. Ng3 d5 11. Qe2 Re8 12. f4 Bf8 13. Nh5 Nxh5 14. Qxh5 g6
15. Qe2 b5 16. Rf3 a5 17. g4 a4 18. g5 axb3 19. cxb3 Ra7 20. Bf6 Qa8 21. Rh3
Rxa2 22. Rxa2 Qxa2 23. Rxh7 Kxh7 24. Qf2 Bg7 0-1

[Event "103 ème open FIDE Club 608"]
[Site "Paris"]
[Date "2008.08.11"]
[Round "8.5"]
[White "Shirazi, Kamran G"]
[Black "Milin, Dragan"]
[Result "1-0"]
[WhiteElo "2440"]
[BlackElo "2115"]
[PlyCount "33"]
[EventDate "2008.08.06"]
[EventRounds "9"]
[EventCountry "FRA"]
[SourceDate "2008.08.06"]

1. e4 e5 2. f4 exf4 3. Nc3 Qh4+ 4. Ke2 d5 5. Nf3 Bg4 6. Nxd5 Bd6 7. Qe1 Qh6 8.
d4 c6 9. e5 cxd5 10. exd6 Nf6 11. Kf2+ Ne4+ 12. Kg1 O-O 13. Ne5 Be6 14. g3 g5
15. Bg2 Nc6 16. Bxe4 dxe4 17. Qxe4 1-0

[Event "103 ème open FIDE Club 608"]
[Site "Paris"]
[Date "2008.08.10"]
[Round "9.1"]
[White "Vallejo Pons, Francisco"]
[Black "Piankov, Evgenij"]
[Result "1-0"]
[WhiteElo "2650"]
[BlackElo "2337"]
[PlyCount "79"]
[EventDate "2008.08.06"]
[EventRounds "9"]
[EventCountry "FRA"]
[SourceDate "2008.08.06"]

1. e4 g6 2. d4 Bg7 3. c4 d6 4. Nc3 e5 5. Nf3 Bg4 6. d5 c5 7. Qa4+ Bd7 8. Qb3
Qb6 9. Qc2 Nf6 10. h3 Na6 11. g4 Qd8 12. Be3 Nc7 13. a3 a5 14. b3 Qb8 15. Nd2
Ng8 16. Be2 Ne7 17. h4 h6 18. Rb1 b6 19. f3 Qc8 20. Nf1 f6 21. Ng3 Qb7 22. Kf2
Qc8 23. Rbg1 Kf7 24. f4 Qb7 25. Qd2 b5 26. a4 b4 27. Nb5 Bxb5 28. cxb5 Raf8 29.
Rh2 Na8 30. f5 g5 31. Rgh1 Nc8 32. hxg5 hxg5 33. Bxg5 fxg5 34. Qxg5 Ke8 35. Rh7
Rxh7 36. Rxh7 Rf7 37. Nh5 Bf8 38. Qg6 Qe7 39. g5 Nab6 40. Nf6+ 1-0

[Event "103 ème open FIDE Club 608"]
[Site "Paris"]
[Date "2008.08.11"]
[Round "9.2"]
[White "Guliyev, Namig"]
[Black "Shirazi, Kamran G"]
[Result "1/2-1/2"]
[WhiteElo "2510"]
[BlackElo "2440"]
[PlyCount "115"]
[EventDate "2008.08.06"]
[EventRounds "9"]
[EventCountry "FRA"]
[SourceDate "2008.08.06"]

1. e4 c5 2. Nf3 d6 3. d4 cxd4 4. Nxd4 Nf6 5. Nc3 Nc6 6. Bg5 e6 7. Qd2 a6 8.
O-O-O Bd7 9. f4 Be7 10. Nf3 b5 11. Bxf6 Bxf6 12. Qxd6 Be7 13. Qd2 b4 14. Ne2
Ra7 15. Ng3 Qb6 16. e5 Bc5 17. Kb1 O-O 18. Bd3 b3 19. cxb3 Nb4 20. Ne4 Be3 21.
Qe2 Bxf4 22. Neg5 g6 23. Qe4 Bxg5 24. Nxg5 h6 25. Nf3 Bc6 26. Qf4 Rd8 27. Be2
Rad7 28. Rxd7 Rxd7 29. Rd1 g5 30. Qg4 Qc5 31. Ne1 Qxe5 32. Rxd7 Bxd7 33. a3 Bb5
34. Qxb4 Qxe2 35. Qc3 e5 36. Nf3 Qd3+ 37. Ka2 Qxc3 38. bxc3 Bf1 39. g3 f6 40.
c4 Kf7 41. Kb2 Ke6 42. Kc3 f5 43. b4 f4 44. a4 Be2 45. Nd2 Bd1 46. a5 Be2 47.
b5 Kd7 48. b6 fxg3 49. hxg3 h5 50. Ne4 h4 51. Kd2 Bxc4 52. Ke3 hxg3 53. Nxg3
Bd5 54. Ne4 Kc6 55. Nxg5 Kb5 56. Nf7 Kxa5 57. Nxe5 Kxb6 58. Kd2 1/2-1/2

[Event "103 ème open FIDE Club 608"]
[Site "Paris"]
[Date "2008.08.11"]
[Round "9.3"]
[White "Goldsztejn, Gildas"]
[Black "Camus de Solliers, Guillaume"]
[Result "1-0"]
[WhiteElo "2374"]
[BlackElo "2319"]
[PlyCount "111"]
[EventDate "2008.08.06"]
[EventRounds "9"]
[EventCountry "FRA"]
[SourceDate "2008.08.06"]

1. Nf3 Nf6 2. c4 e6 3. Nc3 Bb4 4. Qc2 O-O 5. a3 Bxc3 6. Qxc3 c5 7. d3 d6 8. g3
b6 9. Bg2 Bb7 10. O-O Nbd7 11. b4 Qe7 12. Bb2 Rfc8 13. b5 a6 14. a4 a5 15. e4
d5 16. e5 d4 17. Nxd4 Nxe5 18. Nf5 exf5 19. Qxe5 Qxe5 20. Bxe5 Bxg2 21. Kxg2
Nd7 22. Bd6 Nf8 23. d4 cxd4 24. c5 Rxc5 25. Bxc5 bxc5 26. Rfc1 Ne6 27. Rab1 Kf8
28. b6 Ke7 29. Rb5 Kd6 30. Rcb1 d3 31. Rxa5 Rb8 32. Kf3 c4 33. Ke3 Nc5 34. f3
Kc6 35. b7 Re8+ 36. Kd4 Nb3+ 37. Kc3 d2 38. Ra8 Re3+ 39. Kxc4 Kxb7 40. Rd8 Kc7
41. Rxb3 Rxb3 42. Kxb3 Kxd8 43. Kc2 Kc7 44. Kxd2 Kb6 45. Kc3 Kc5 46. f4 f6 47.
h4 g6 48. Kb3 h6 49. Kc3 g5 50. h5 g4 51. Kb3 Kd4 52. a5 Ke3 53. a6 Kf2 54. a7
Kxg3 55. a8=Q Kh2 56. Qf8 1-0

[Event "103 ème open FIDE Club 608"]
[Site "Paris"]
[Date "2008.08.10"]
[Round "9.4"]
[White "Trommsdorf, Fro"]
[Black "Debray, Christopher"]
[Result "0-1"]
[WhiteElo "2125"]
[BlackElo "2374"]
[PlyCount "68"]
[EventDate "2008.08.06"]
[EventRounds "9"]
[EventCountry "FRA"]
[SourceDate "2008.08.06"]

1. d4 Nf6 2. Nf3 e6 3. c4 c5 4. Nc3 cxd4 5. Nxd4 a6 6. g3 Qc7 7. e4 Bb4 8. Qd3
b6 9. Bg2 Bb7 10. O-O Bxc3 11. bxc3 d6 12. Rd1 Nbd7 13. Nb3 Ne5 14. Qxd6 Qxd6
15. Rxd6 Nxc4 16. Rd4 Rc8 17. f4 O-O 18. Bf1 b5 19. Bxc4 bxc4 20. Na5 Bxe4 21.
Ba3 Rfd8 22. Rxc4 Rxc4 23. Nxc4 Rd3 24. Bb4 h5 25. Nd6 Bc6 26. c4 Ng4 27. Nc8
Kh7 28. Ne7 Be4 29. Rc1 a5 30. Bc3 h4 31. c5 hxg3 32. hxg3 Rxg3+ 33. Kf1 Rg2
34. Bxa5 Ne3+ 0-1

[Event "102 ème open FIDE Club 608"]
[Site "Paris"]
[Date "2008.07.26"]
[Round "1.1"]
[White "Fabbro, David"]
[Black "Vallejo Pons, Francisco"]
[Result "0-1"]
[WhiteElo "1843"]
[BlackElo "2650"]
[PlyCount "46"]
[EventDate "2008.07.26"]
[EventRounds "9"]
[EventCountry "FRA"]
[SourceDate "2008.08.06"]

1. e4 c5 2. Nc3 e6 3. g3 Nc6 4. Bg2 g6 5. Nge2 Bg7 6. d3 d6 7. O-O Nge7 8. Bg5
h6 9. Be3 Nd4 10. Qd2 Bd7 11. Nd1 Nxe2+ 12. Qxe2 Rc8 13. c3 Nc6 14. f4 O-O 15.
e5 Be8 16. exd6 Qxd6 17. Nf2 f5 18. Rae1 Bf7 19. Bc1 b6 20. Bf3 Rfe8 21. Kg2 e5
22. Bxc6 Qxc6+ 23. Qf3 Bd5 0-1

[Event "102 ème open FIDE Club 608"]
[Site "Paris"]
[Date "2008.07.26"]
[Round "1.2"]
[White "Abergel, Thal"]
[Black "Pernet, Roger"]
[Result "1-0"]
[WhiteElo "2499"]
[BlackElo "1826"]
[PlyCount "53"]
[EventDate "2008.07.26"]
[EventRounds "9"]
[EventCountry "FRA"]
[SourceDate "2008.08.06"]

1. e4 c5 2. Nf3 d6 3. Bc4 e6 4. Nc3 Nc6 5. d4 cxd4 6. Nxd4 Nxd4 7. Qxd4 a6 8.
Be3 Nf6 9. O-O-O Bd7 10. f3 Be7 11. g4 O-O 12. g5 Ne8 13. h4 b5 14. Bf1 Qb8 15.
h5 b4 16. Ne2 Nc7 17. g6 fxg6 18. hxg6 e5 19. Qd2 Rxf3 20. Bg2 Rxe3 21. gxh7+
Kh8 22. Qxe3 Ne6 23. Kb1 Bg5 24. Qd3 Be7 25. Bh3 Qc7 26. Qd5 Rc8 27. Bxe6 1-0

[Event "102 ème open FIDE Club 608"]
[Site "Paris"]
[Date "2008.07.26"]
[Round "1.3"]
[White "Gouyet, G."]
[Black "Toulzac, Pierre Yves"]
[Result "0-1"]
[WhiteElo "1820"]
[BlackElo "2266"]
[PlyCount "112"]
[EventDate "2008.07.26"]
[EventRounds "9"]
[EventCountry "FRA"]
[SourceDate "2008.08.06"]

1. e4 d6 2. d4 Nf6 3. Nc3 c6 4. Bg5 Qa5 5. Qd2 b5 6. Bd3 e5 7. Nge2 b4 8. Nd1
Qb6 9. c3 Nbd7 10. f3 Be7 11. Be3 c5 12. d5 a5 13. O-O Qc7 14. c4 h5 15. b3 a4
16. Nb2 a3 17. Nd1 Nf8 18. Nf2 Bd7 19. f4 exf4 20. Nxf4 O-O-O 21. Rad1 Ng4 22.
Nxg4 Bxg4 23. Be2 Bf6 24. h3 Bc3 25. Qc2 Bxe2 26. Nxe2 Be5 27. Rde1 Qe7 28. Bf4
Nd7 29. Ng3 g6 30. Ne2 h4 31. Kh1 g5 32. Bxe5 Nxe5 33. Nc1 g4 34. Nd3 gxh3 35.
gxh3 Rdg8 36. Nxe5 Qxe5 37. Qf2 Rg3 38. Qf5+ Qxf5 39. Rxf5 Rxh3+ 40. Kg2 Rg3+
41. Kh2 Rhg8 42. Re2 h3 43. Rff2 R8g5 44. Kh1 Kd8 45. Kh2 f6 46. Kh1 Ke7 47.
Kh2 Kf7 48. Kh1 Kg7 49. Kh2 Kg6 50. Kh1 R3g4 51. Kh2 Re5 52. Kxh3 Rexe4 53.
Rxe4 Rxe4 54. Kg3 Re1 55. Kf3 Rb1 56. Re2 Rb2 0-1

[Event "102 ème open FIDE Club 608"]
[Site "Paris"]
[Date "2008.07.26"]
[Round "1.4"]
[White "Pozdnjakov, Viatcheslav"]
[Black "Puleio, Bernardo"]
[Result "1-0"]
[WhiteElo "2226"]
[BlackElo "1817"]
[PlyCount "81"]
[EventDate "2008.07.26"]
[EventRounds "9"]
[EventCountry "FRA"]
[SourceDate "2008.08.06"]

1. d4 e6 2. Nf3 d5 3. b3 Nf6 4. Bb2 Nbd7 5. Nbd2 Bd6 6. e3 O-O 7. Bd3 b6 8. Ne5
Bb7 9. f4 Ne4 10. Bxe4 dxe4 11. Nxd7 Qxd7 12. O-O c5 13. dxc5 Bxc5 14. Qe2 Rac8
15. Rfd1 Qc6 16. Nf1 a5 17. a4 Rfd8 18. Rxd8+ Rxd8 19. Rd1 Rxd1 20. Qxd1 Qd6
21. Qg4 Qf8 22. Qe2 Qd6 23. Be5 Qd7 24. Kf2 f6 25. Bb2 Qc8 26. Ng3 Qc7 27. Nh5
Qf7 28. Qd1 Bc6 29. Ng3 Qe7 30. Bd4 Qd6 31. Qa1 e5 32. fxe5 fxe5 33. Bxc5 Qxc5
34. Qd1 Qe7 35. Qg4 Qd6 36. Ke2 Qc5 37. Qc8+ Kf7 38. Qc7+ Kg6 39. c4 Ba8 40.
Qb8 Bc6 41. Qc8 1-0

[Event "102 ème open FIDE Club 608"]
[Site "Paris"]
[Date "2008.07.26"]
[Round "1.5"]
[White "Jacq, Philippe"]
[Black "Kirszenberg, Marc"]
[Result "0-1"]
[WhiteElo "1806"]
[BlackElo "2225"]
[PlyCount "111"]
[EventDate "2008.07.26"]
[EventRounds "9"]
[EventCountry "FRA"]
[SourceDate "2008.08.06"]

1. e4 d5 2. exd5 Nf6 3. Nf3 Nxd5 4. d4 g6 5. c4 Nb6 6. Nc3 Bg7 7. Be2 O-O 8.
O-O Nc6 9. d5 Ne5 10. Nxe5 Bxe5 11. Bh6 Re8 12. f4 Bh8 13. c5 Bxc3 14. cxb6
Bxb2 15. Rb1 Bf6 16. Bb5 Bd7 17. bxc7 Qxc7 18. Bxd7 Qxd7 19. f5 Red8 20. fxg6
hxg6 21. Rxf6 exf6 22. Qd4 Qxd5 23. Qxf6 Qd4+ 24. Qxd4 Rxd4 25. Rxb7 Ra4 26.
Rb2 Rd8 27. h3 Rd1+ 28. Kh2 Ra1 29. Rb8+ Kh7 30. Bg5 R1xa2 31. Bf6 g5 32. Bxg5
Rc4 33. h4 Rcc2 34. Kg3 Rxg2+ 35. Kf4 Raf2+ 36. Ke5 Kg7 37. Kd5 Rf5+ 38. Ke4
Rfxg5 39. hxg5 Rxg5 40. Kf4 Rc5 41. Rb1 Kf6 42. Ke4 a5 43. Kd4 Rc6 44. Rh1 Kg7
45. Kd5 Ra6 46. Kc5 Rg6 47. Kb5 Rg5+ 48. Ka4 f6 49. Rc1 Kg6 50. Rc6 Re5 51. Ra6
Kg5 52. Kb3 f5 53. Kc3 Kf4 54. Kd3 Kf3 55. Kd2 f4 56. Rh6 0-1

[Event "102 ème open FIDE Club 608"]
[Site "Paris"]
[Date "2008.07.27"]
[Round "2.1"]
[White "Vallejo Pons, Francisco"]
[Black "Hassine, Daniel"]
[Result "1-0"]
[WhiteElo "2650"]
[BlackElo "2031"]
[PlyCount "101"]
[EventDate "2008.07.26"]
[EventRounds "9"]
[EventCountry "FRA"]
[SourceDate "2008.08.06"]

1. e4 e5 2. Nf3 Nf6 3. Nc3 Bb4 4. Nxe5 O-O 5. Be2 Re8 6. Nd3 Bxc3 7. dxc3 Nxe4
8. Nf4 d6 9. O-O Nc6 10. f3 Nf6 11. b3 Bd7 12. Rf2 Ne5 13. Bf1 Bc6 14. c4 a5
15. a3 Ng6 16. Ne2 d5 17. Bb2 dxc4 18. bxc4 Qe7 19. Nd4 Rad8 20. Qd2 Qc5 21.
Nb3 Rxd2 22. Nxc5 Rxf2 23. Kxf2 b6 24. Nb3 Nd7 25. Rd1 Nde5 26. c5 a4 27. Nd4
Bd7 28. c6 Bxc6 29. Nxc6 Nxc6 30. Bb5 Rd8 31. Rxd8+ Nxd8 32. Bxa4 Kf8 33. g3 f6
34. Bb5 Ke7 35. a4 Kd6 36. Ba3+ c5 37. f4 Nc6 38. Bd3 Nf8 39. Ke3 g6 40. g4 h6
41. Bb2 Nd4 42. h4 g5 43. fxg5 fxg5 44. h5 Nfe6 45. Ke4 Nc6 46. Kf5 Ne7+ 47.
Ke4 Nc6 48. Bf6 Ncd4 49. c3 Nc6 50. Bb5 Ne7 51. Be5# 1-0

[Event "102 ème open FIDE Club 608"]
[Site "Paris"]
[Date "2008.07.27"]
[Round "2.2"]
[White "Gretry, Patrice"]
[Black "Abergel, Thal"]
[Result "0-1"]
[WhiteElo "2029"]
[BlackElo "2499"]
[PlyCount "50"]
[EventDate "2008.07.26"]
[EventRounds "9"]
[EventCountry "FRA"]
[SourceDate "2008.08.06"]

1. Nf3 Nf6 2. c4 e6 3. g3 d5 4. Bg2 c6 5. b3 Nbd7 6. Bb2 Bd6 7. cxd5 exd5 8. d3
O-O 9. O-O Re8 10. Nc3 Ne5 11. Re1 Bg4 12. Nxe5 Bxe5 13. d4 Bd6 14. Qc1 Qd7 15.
a3 Re7 16. f3 Bh3 17. Bh1 Rae8 18. e3 h5 19. Qd2 h4 20. gxh4 Nh5 21. Bg2 Bxg2
22. Kxg2 Re6 23. Qf2 Rg6+ 24. Kh1 Bg3 25. hxg3 Qh3+ 0-1

[Event "102 ème open FIDE Club 608"]
[Site "Paris"]
[Date "2008.07.27"]
[Round "2.3"]
[White "Toulzac, Pierre Yves"]
[Black "Pass, Deborah"]
[Result "1-0"]
[WhiteElo "2266"]
[BlackElo "2012"]
[PlyCount "111"]
[EventDate "2008.07.26"]
[EventRounds "9"]
[EventCountry "FRA"]
[SourceDate "2008.08.06"]

1. d4 Nf6 2. c4 g6 3. Nc3 Bg7 4. Nf3 O-O 5. Bg5 c5 6. d5 d6 7. e3 Qa5 8. Nd2 a6
9. Qb3 Nbd7 10. Rd1 Rb8 11. a4 Ne5 12. Be2 Bf5 13. O-O Rfc8 14. e4 Bd7 15. Ra1
Qc7 16. a5 b6 17. axb6 Rxb6 18. Qc2 Rcb8 19. b3 h6 20. Bf4 Nh7 21. h3 g5 22.
Be3 Qc8 23. f4 gxf4 24. Bxf4 Ng6 25. Bh2 Ng5 26. Rac1 Nh4 27. Qd3 Bd4+ 28. Kh1
Kh8 29. Qg3 Nxg2 30. h4 Ne3 31. hxg5 Nxf1 32. Rxf1 Qg8 33. Bd1 Qg7 34. Ne2 Be5
35. Qh4 Bxh2 36. Kxh2 Qxg5 37. Qxg5 hxg5 38. Rxf7 Re8 39. Nf3 Bg4 40. Nxg5 Bxe2
41. Bxe2 Rxb3 42. Bg4 Rb2+ 43. Kg3 Reb8 44. Rh7+ Kg8 45. Rxe7 R8b3+ 46. Kf4
Rf2+ 47. Nf3 Rc3 48. Ra7 Ra2 49. Rd7 Rxc4 50. Rxd6 a5 51. Rd7 Re2 52. Ng5 Rf2+
53. Ke5 a4 54. Be6+ Kf8 55. Nh7+ Ke8 56. Ra7 1-0

[Event "102 ème open FIDE Club 608"]
[Site "Paris"]
[Date "2008.07.27"]
[Round "2.4"]
[White "Lao, Lenath"]
[Black "Pozdnjakov, Viatcheslav"]
[Result "0-1"]
[WhiteElo "1997"]
[BlackElo "2226"]
[PlyCount "134"]
[EventDate "2008.07.26"]
[EventRounds "9"]
[EventCountry "FRA"]
[SourceDate "2008.08.06"]

1. c4 c6 2. Nf3 d5 3. b3 Bf5 4. Bb2 e6 5. g3 Nf6 6. Bg2 h6 7. O-O Be7 8. d3 O-O
9. Nbd2 Nbd7 10. Rc1 Bh7 11. Rc2 a5 12. a3 Nc5 13. Qa1 Nxd3 14. exd3 Bxd3 15.
Rcc1 Bxf1 16. Bxf1 Ne8 17. Ne5 Bf6 18. Ndf3 Nd6 19. a4 Re8 20. Rd1 Ne4 21. cxd5
exd5 22. Bd3 Qc7 23. Re1 Nc5 24. Bc2 Nd7 25. Nxd7 Rxe1+ 26. Qxe1 Bxb2 27. Qe7
Qd8 28. Qd6 Ba3 29. Qxa3 Qxd7 30. Nd4 b6 31. Bf5 Qc7 32. Qc1 c5 33. Nb5 Qe5 34.
Bd3 Re8 35. Qc3 Kf8 36. Qxe5 Rxe5 37. Kf1 Ke7 38. Nc3 Kd6 39. Nd1 g6 40. f4 Re8
41. Kf2 c4 42. bxc4 d4 43. Kf3 Kc5 44. Be4 Kxc4 45. Bc6 Re1 46. Bb5+ Kb3 47.
Nf2 Re3+ 48. Kg2 Kc2 49. Ng4 Re7 50. Nf2 h5 51. Kf1 Kd2 52. Nd3 f6 53. Nb2 Kc2
54. Nd3 Re3 55. Nf2 d3 56. Bc4 d2 57. Be2 Kb3 58. Bd1+ Kb4 59. Bc2 f5 60. Bd1
b5 61. axb5 Kxb5 62. Be2+ Kb4 63. Nd1 Re7 64. Kf2 a4 65. Ne3 Rxe3 66. Kxe3 a3
67. Kxd2 a2 0-1

[Event "102 ème open FIDE Club 608"]
[Site "Paris"]
[Date "2008.07.27"]
[Round "2.5"]
[White "Kirszenberg, Marc"]
[Black "Tran, Philippe"]
[Result "1-0"]
[WhiteElo "2225"]
[BlackElo "1996"]
[PlyCount "59"]
[EventDate "2008.07.26"]
[EventRounds "9"]
[EventCountry "FRA"]
[SourceDate "2008.08.06"]

1. d4 Nf6 2. c4 g6 3. Nc3 Bg7 4. Nf3 d6 5. Bf4 Bf5 6. h3 Ne4 7. Nxe4 Bxe4 8. e3
c5 9. Be2 Nc6 10. O-O O-O 11. Nd2 Bf5 12. g4 Bd7 13. d5 Nb4 14. a3 Na6 15. Rb1
Nc7 16. b4 cxb4 17. axb4 b5 18. e4 bxc4 19. Bxc4 Nb5 20. Qb3 Qb8 21. Rfc1 Rc8
22. Qd3 Qb7 23. Nb3 a6 24. Be3 Qb8 25. Na5 Rc7 26. Nc6 Bxc6 27. dxc6 Rxc6 28.
Bxf7+ Kxf7 29. Rxc6 Qe8 30. Rbc1 1-0

[Event "102 ème open FIDE Club 608"]
[Site "Paris"]
[Date "2008.07.28"]
[Round "3.3"]
[White "Riazuelo, Gilles"]
[Black "Toulzac, Pierre Yves"]
[Result "1/2-1/2"]
[WhiteElo "2127"]
[BlackElo "2266"]
[PlyCount "28"]
[EventDate "2008.07.26"]
[EventRounds "9"]
[EventCountry "FRA"]
[SourceDate "2008.08.06"]

1. e4 e5 2. Nf3 d6 3. d4 Nd7 4. Bc4 c6 5. O-O Be7 6. dxe5 dxe5 7. Ng5 Bxg5 8.
Qh5 Qe7 9. Bxg5 Ngf6 10. Qe2 h6 11. Bd2 O-O 12. a4 Nc5 13. Bb4 a5 14. Ba3 b6
1/2-1/2

[Event "102 ème open FIDE Club 608"]
[Site "Paris"]
[Date "2008.07.28"]
[Round "3.4"]
[White "Pozdnjakov, Viatcheslav"]
[Black "Tarchichi, Paul"]
[Result "0-1"]
[WhiteElo "2226"]
[BlackElo "2153"]
[PlyCount "42"]
[EventDate "2008.07.26"]
[EventRounds "9"]
[EventCountry "FRA"]
[SourceDate "2008.08.06"]

1. d4 g6 2. Nf3 Bg7 3. c4 c5 4. e3 Nf6 5. Nbd2 cxd4 6. exd4 d5 7. b3 Nc6 8. Bb2
O-O 9. Bd3 e5 10. Nxe5 Nxe5 11. dxe5 Ng4 12. f4 dxc4 13. Nxc4 b5 14. Be4 Be6
15. Qxd8 Raxd8 16. Nd2 f6 17. exf6 Nxf6 18. Bf3 Rfe8 19. O-O-O Bf5 20. Bc3 Rc8
21. Kb2 Rxc3 0-1

[Event "102 ème open FIDE Club 608"]
[Site "Paris"]
[Date "2008.07.29"]
[Round "4.3"]
[White "Toulzac, Pierre Yves"]
[Black "Ider, Borya"]
[Result "1-0"]
[WhiteElo "2266"]
[BlackElo "2065"]
[PlyCount "89"]
[EventDate "2008.07.26"]
[EventRounds "9"]
[EventCountry "FRA"]
[SourceDate "2008.08.06"]

1. d4 Nf6 2. c4 e6 3. Nf3 Bb4+ 4. Bd2 Qe7 5. g3 Nc6 6. Bg2 Bxd2+ 7. Nbxd2 d6 8.
e3 e5 9. d5 Nb8 10. O-O O-O 11. b4 a5 12. a3 Na6 13. Nb3 Bg4 14. Qd2 axb4 15.
axb4 b6 16. Rfb1 Rfb8 17. Rb2 Bc8 18. Ne1 Bb7 19. Rba2 Nd7 20. Bf1 g6 21. Nc2
e4 22. Nbd4 Ne5 23. Ne1 Qd8 24. Ra4 Qc8 25. Nb5 h5 26. Qb2 h4 27. R1a3 Qg4 28.
Qe2 Qf5 29. Nd4 Qg5 30. Nc6 Re8 31. Nxe5 Qxe5 32. Qa2 b5 33. cxb5 Bxd5 34. Qb1
hxg3 35. fxg3 Nxb4 36. Rxa8 Bxa8 37. Qxb4 Bd5 38. Qc3 Qh5 39. Ra7 Re5 40. Rxc7
Be6 41. b6 Rf5 42. b7 Rxf1+ 43. Kxf1 Bh3+ 44. Kg1 Qb5 45. Rc8+ 1-0

[Event "102 ème open FIDE Club 608"]
[Site "Paris"]
[Date "2008.07.29"]
[Round "4.4"]
[White "Kirszenberg, Marc"]
[Black "Delerme, Raymond"]
[Result "1-0"]
[WhiteElo "2225"]
[BlackElo "1867"]
[PlyCount "61"]
[EventDate "2008.07.26"]
[EventRounds "9"]
[EventCountry "FRA"]
[SourceDate "2008.08.06"]

1. d4 Nf6 2. c4 c5 3. d5 e6 4. Nc3 exd5 5. cxd5 Bd6 6. e4 Qe7 7. Bd3 Be5 8.
Nge2 d6 9. f4 Bxc3+ 10. Nxc3 a6 11. O-O O-O 12. a4 b6 13. Bd2 Bb7 14. Qc2 h6
15. Rae1 Qc7 16. Nd1 Re8 17. Ne3 Nbd7 18. Nf5 Rac8 19. Bc4 Nf8 20. Bc3 N8d7 21.
Rf3 h5 22. Rfe3 g6 23. Nxd6 Qxd6 24. e5 Qb8 25. exf6 Rxe3 26. Rxe3 Qxf4 27. Qe2
Qf5 28. Re8+ Nf8 29. d6 Rxe8 30. Qxe8 Qd7 31. Qe7 1-0

[Event "102 ème open FIDE Club 608"]
[Site "Paris"]
[Date "2008.09.29"]
[Round "4.5"]
[White "Steffenello, Leonardo"]
[Black "Leuly, Max"]
[Result "1/2-1/2"]
[WhiteElo "2118"]
[BlackElo "2160"]
[PlyCount "55"]
[EventDate "2008.07.26"]
[EventRounds "9"]
[EventCountry "FRA"]
[SourceDate "2008.08.06"]

1. d4 d5 2. c4 e6 3. Nf3 c5 4. cxd5 exd5 5. g3 Nc6 6. Bg2 Nf6 7. Nc3 Be7 8. O-O
O-O 9. Bg5 Be6 10. dxc5 Bxc5 11. Rc1 Bb6 12. b3 Re8 13. Bxf6 Qxf6 14. Qd2 Rad8
15. Rfd1 h6 16. e3 d4 17. Ne4 Qe7 18. Nxd4 Nxd4 19. exd4 Rxd4 20. Qb2 Rxd1+ 21.
Rxd1 Rd8 22. Qe2 Qc7 23. h4 Rd7 24. Rxd7 Qxd7 25. Qd2 Qxd2 26. Nxd2 Ba5 27. Nc4
Bxc4 28. bxc4 1/2-1/2

[Event "102 ème open FIDE Club 608"]
[Site "Paris"]
[Date "2008.07.30"]
[Round "5.2"]
[White "Kirszenberg, Marc"]
[Black "Toulzac, Pierre Yves"]
[Result "1/2-1/2"]
[WhiteElo "2225"]
[BlackElo "2266"]
[PlyCount "49"]
[EventDate "2008.07.26"]
[EventRounds "9"]
[EventCountry "FRA"]
[SourceDate "2008.08.06"]

1. d4 g6 2. c4 Bg7 3. Nc3 d6 4. e4 Nf6 5. f4 O-O 6. Nf3 e5 7. dxe5 dxe5 8. Qxd8
Rxd8 9. fxe5 Ng4 10. Bg5 Re8 11. Nd5 Na6 12. c5 c6 13. Ne7+ Kf8 14. Bxa6 bxa6
15. Nxc8 Raxc8 16. O-O Nxe5 17. Rad1 Nxf3+ 18. gxf3 Bxb2 19. Rd7 Be5 20. Rfd1
Rc7 21. Rxc7 Bxc7 22. Rd7 Rc8 23. Bf6 Ke8 24. Re7+ Kd8 25. Rd7+ 1/2-1/2

[Event "102 ème open FIDE Club 608"]
[Site "Paris"]
[Date "2008.07.30"]
[Round "5.3"]
[White "Pozdnjakov, Viatcheslav"]
[Black "Veron, Cyprien"]
[Result "1/2-1/2"]
[WhiteElo "2226"]
[BlackElo "2098"]
[PlyCount "48"]
[EventDate "2008.07.26"]
[EventRounds "9"]
[EventCountry "FRA"]
[SourceDate "2008.08.06"]

1. d4 d5 2. Nf3 Nf6 3. e3 e6 4. Bd3 Be7 5. Nbd2 c5 6. b3 O-O 7. Bb2 Nc6 8. O-O
b6 9. Ne5 Nb4 10. Be2 Ba6 11. c4 Rc8 12. f4 Nd7 13. a3 Nc6 14. Bd3 Ndxe5 15.
dxe5 g6 16. Qe2 Rc7 17. Rad1 Rd7 18. g4 Qc7 19. Nf3 Rfd8 20. f5 dxc4 21. bxc4
Na5 22. fxe6 fxe6 23. Rfe1 Kg7 24. Qc2 Bxc4 1/2-1/2

[Event "102 ème open FIDE Club 608"]
[Site "Paris"]
[Date "2008.07.30"]
[Round "5.4"]
[White "Borzakian, Manouk"]
[Black "Steffenello, Leonardo"]
[Result "1-0"]
[WhiteElo "2199"]
[BlackElo "2118"]
[PlyCount "79"]
[EventDate "2008.07.26"]
[EventRounds "9"]
[EventCountry "FRA"]
[SourceDate "2008.08.06"]

1. e4 c6 2. d4 d5 3. e5 Bf5 4. Nf3 e6 5. Be2 c5 6. Be3 Nc6 7. O-O Nge7 8. Nbd2
c4 9. Nh4 Bg6 10. Nxg6 hxg6 11. b3 Nf5 12. c3 Nxe5 13. dxe5 Nxe3 14. fxe3 Qg5
15. Nf3 Qxe3+ 16. Kh1 Bc5 17. bxc4 O-O-O 18. Qd2 Qe4 19. Bd3 Qg4 20. Qe2 dxc4
21. Qe4 Qg3 22. Rab1 Bb6 23. Rxb6 axb6 24. Qxc4+ Kb8 25. Kg1 Rxh2 26. Nxh2 Rxd3
27. Qf4 Qxf4 28. Rxf4 Rxc3 29. Rxf7 Re3 30. Nf3 Re2 31. Re7 Rxa2 32. Rxe6 Kc7
33. Nd4 Ra5 34. Kf2 b5 35. Rxg6 b4 36. Rxg7+ Kc8 37. Nf5 Rxe5 38. Nd6+ Kb8 39.
Rxb7+ Ka8 40. Rxb4 1-0